00552nam a2200169Ia 4500008004100000040001800041041000800059100003300067245005400100260006100154300004500215500003800260500002200298650001500320650002000335650002700355130821s1962 xxua gr eng  aCo-BoUCMbspa00aeng1 aFriedman, Miltond1912-2006.10aPrice theory a provisional textcMilton Friedman aChicago (Illinois, estados Unidos)bAldine Pub. Coc1962 a285 páginasbilustraciones, gráficas aDonación Dr. Álvaro Daza Roa. aIncluye índice.04aEconomía04aMacroeconomía04aPolítica económica